000 00471nam a2200181Ia 4500
008 230711s9999||||xx |||||||||||||| ||und||
020 _a81-239-0427-4
041 _aENG
082 _a574.192
_bVA-C
100 _aGowenlock,Alan H
245 0 _aVarley's Practical clinical bioChemistry
250 _a6th Ed.
260 _c1988
_aNew Delhi
_bCBS Publishers & Distributors Pvt.Ltd
300 _a1050p.
650 _aPharmacy
700 _aMcMurray,Janet R
942 _cBK
999 _c7180
_d7180